[Event "Barranquilla Carnaval Cup"]
[Site "Barranquilla"]
[Date "2024.02.06"]
[Round "7"]
[White "De La Ossa, Madera Ethan"]
[Black "Brito Carrascal, Isabela"]
[Result "0-1"]
[WhiteElo "1181"]
[BlackElo "1713"]
[PlyCount "62"]
[EventDate "2024.02.03"]
[EventType "swiss"]
[EventRounds "9"]
[EventCountry "COL"]
[SourceTitle "CB07_2024"]
[SourceDate "2024.02.14"]
[SourceVersion "1"]
[SourceVersionDate "2024.02.14"]
[SourceQuality "1"]

1. e4 c5 2. Nf3 e6 3. d4 cxd4 4. Nxd4 Nc6 5. Nc3 a6 6. a3 Qc7 7. Be3 Nf6 8. Be2 Be7 9. Qd2 b5 10. b4 Nxb4 11. 0-0 Nc6 12. Nxc6 dxc6 13. f3 0-0 14. Bf2 Rd8 15. Qe3 e5 16. Qb6 Qxb6 17. Bxb6 Re8 18. Rfd1 Be6 19. a4 b4 20. Na2 Nd7 21. Bc7 Bc5+ 22. Kf1 Bd4 23. Rxd4 exd4 24. Nxb4 a5 25. Na6 Ra7 26. Bd6 Rc8 27. Rb1 c5 28. Bb5 c4 29. Rd1 Rxa6 30. Bxa6 Rc6 31. Rxd4 Rxa6 0-1

[Event "Barranquilla Carnaval Cup"]
[Site "Barranquilla"]
[Date "2024.02.05"]
[Round "5"]
[White "De La Ossa, Madera Ethan"]
[Black "Caicedo Anguila, Juliana Andrea"]
[Result "0-1"]
[WhiteElo "1181"]
[BlackElo "1709"]
[PlyCount "42"]
[EventDate "2024.02.03"]
[EventType "swiss"]
[EventRounds "9"]
[EventCountry "COL"]
[SourceTitle "CB07_2024"]
[SourceDate "2024.02.14"]
[SourceVersion "1"]
[SourceVersionDate "2024.02.14"]
[SourceQuality "1"]

1. e4 e6 2. d4 d5 3. exd5 exd5 4. Nf3 Bd6 5. Nc3 c6 6. h3 h6 7. Bd3 Qf6 8. Qe2+ Ne7 9. 0-0 Be6 10. Be3 Nd7 11. Rad1 0-0-0 12. Na4 g5 13. Nh2 Nf5 14. Bxf5 Bxf5 15. Ng4 Bxg4 16. Qxg4 Qg6 17. Rd2 f5 18. Qe2 f4 19. c4 fxe3 20. fxe3 dxc4 21. Qxc4 Qe4 0-1

[Event "Barranquilla Carnaval Cup"]
[Site "Barranquilla"]
[Date "2024.02.04"]
[Round "3"]
[White "Perez Pertuz, Carlos Mario"]
[Black "De La Ossa, Madera Ethan"]
[Result "1-0"]
[WhiteElo "1775"]
[BlackElo "1181"]
[PlyCount "57"]
[EventDate "2024.02.03"]
[EventType "swiss"]
[EventRounds "9"]
[EventCountry "COL"]
[SourceTitle "CB07_2024"]
[SourceDate "2024.02.14"]
[SourceVersion "1"]
[SourceVersionDate "2024.02.14"]
[SourceQuality "1"]

1. e4 e5 2. f4 exf4 3. Nf3 g6 4. Bc4 Bg7 5. 0-0 Nh6 6. d4 0-0 7. Bxf4 d6 8. h3 Kh8 9. Qd2 Ng8 10. Nc3 Nc6 11. Be3 f5 12. exf5 Bxf5 13. Ng5 Nh6 14. g4 Bd7 15. Rxf8+ Qxf8 16. Rf1 Qd8 17. Nce4 Ne7 18. Ne6 Bxe6 19. Bxe6 Nhg8 20. Ng5 Nh6 21. d5 Neg8 22. Rf7 Nf6 23. Bd4 c5 24. Bxf6 Qxf6 25. Rxf6 Bxf6 26. Ne4 Bd4+ 27. Kg2 Ng8 28. c3 Bf6 29. g5 1-0

[Event "Barranquilla Carnaval Cup"]
[Site "Barranquilla"]
[Date "2024.02.03"]
[Round "1"]
[White "Brito Carrascal, Camilo Andres"]
[Black "De La Ossa, Madera Ethan"]
[Result "1-0"]
[WhiteElo "1985"]
[BlackElo "1181"]
[PlyCount "103"]
[EventDate "2024.02.03"]
[EventType "swiss"]
[EventRounds "9"]
[EventCountry "COL"]
[SourceTitle "CB07_2024"]
[SourceDate "2024.02.14"]
[SourceVersion "1"]
[SourceVersionDate "2024.02.14"]
[SourceQuality "1"]

1. e4 e5 2. Nf3 Nc6 3. Bb5 g6 4. c3 Bg7 5. d4 a6 6. Bxc6 dxc6 7. Nxe5 Bxe5 8. dxe5 Qxd1+ 9. Kxd1 Be6 10. Kc2 Ke7 11. Bg5+ Kf8 12. Nd2 Kg7 13. Nb3 h6 14. Be3 Rd8 15. a4 Ne7 16. Nc5 Bc8 17. a5 Rhe8 18. h4 Ng8 19. Bd4 Re7 20. b4 Rde8 21. f3 h5 22. Rhd1 Nh6 23. Rd2 Kf8 24. Rad1 Kg8 25. Be3 Kh7 26. Bg5 Rxe5 27. Bf6 Ng8 28. Bxe5 Rxe5 29. Rd8 Ne7 30. Nd7 Bxd7 31. R1xd7 Kg7 32. Re8 Kf6 33. Kd3 b6 34. f4 Re6 35. e5+ Kf5 36. Rexe7 Kxf4 37. Rxe6 fxe6 38. axb6 cxb6 39. Rd6 Kxe5 40. Rxc6 Kf5 41. Rxb6 e5 42. Rxa6 Kf4 43. Rxg6 e4+ 44. Ke2 e3 45. b5 Kf5 46. Rd6 Kg4 47. Rd4+ Kg3 48. b6 Kh2 49. b7 Kh1 50. b8Q Kg1 51. Qg3 Kh1 52. Rd1# 1-0

[Event "Cartagena Plazuela op"]
[Site "Cartagena"]
[Date "2022.07.22"]
[Round "3"]
[White "Sepulveda Brango, Alberto Enrique"]
[Black "De La Ossa, Madera Ethan"]
[Result "1/2-1/2"]
[WhiteElo "1231"]
[BlackElo "1414"]
[PlyCount "104"]
[EventDate "2022.07.21"]
[EventType "swiss"]
[EventRounds "6"]
[EventCountry "COL"]
[SourceTitle "CBM 209 Extra"]
[Source "ChessBase"]
[SourceDate "2022.09.30"]
[SourceVersion "1"]
[SourceVersionDate "2022.09.30"]
[SourceQuality "1"]

1. e4 e5 2. Nf3 Nc6 3. d4 exd4 4. Nxd4 Qf6 5. Nxc6 Qxc6 6. Nc3 Bb4 7. Bd2 Bxc3 8. Bxc3 Qxe4+ 9. Qe2 Qxe2+ 10. Bxe2 Nf6 11. 0-0-0 d6 12. Rhe1 Be6 13. Bc4 Kd7 14. Bxe6+ fxe6 15. Rd3 Rae8 16. Kd2 Rhf8 17. Rg3 Rf7 18. Rh3 h6 19. Ree3 Ref8 20. f3 Nd5 21. Re4 e5 22. Rg3 Nxc3 23. Kxc3 c5 24. Rg6 b5 25. a3 a6 26. b4 c4 27. Kd2 Re8 28. Reg4 Ree7 29. c3 Kc6 30. Ke3 Kd5 31. g3 Rd7 32. Re4 Rd8 33. Rgg4 g5 34. f4 gxf4+ 35. gxf4 Rdf8 36. Kf3 Rxf4+ 37. Rgxf4 Rxf4+ 38. Rxf4 exf4 39. Kxf4 Ke6 40. Ke4 d5+ 41. Kd4 Kf5 42. Kxd5 Kf4 43. Kd4 h5 44. h4 Kg4 45. Kc5 Kxh4 46. Kb6 Kg4 47. Kxa6 h4 48. Kxb5 h3 49. Kxc4 h2 50. b5 h1Q 51. a4 Qe4+ 52. Kb3 Qd5+ 1/2-1/2

[Event "COL-ch U20"]
[Site "Barranquilla"]
[Date "2022.07.07"]
[Round "3"]
[White "De La Ossa, Madera Ethan"]
[Black "Alzate Araujo, Miguel Angel"]
[Result "1-0"]
[WhiteElo "1473"]
[BlackElo "1217"]
[PlyCount "71"]
[EventDate "2022.07.06"]
[EventType "swiss"]
[EventRounds "9"]
[EventCountry "COL"]
[SourceTitle "EXT 2023"]
[Source "ChessBase"]
[SourceDate "2022.10.05"]
[SourceVersion "1"]
[SourceVersionDate "2022.10.05"]
[SourceQuality "1"]

1. e4 e6 2. d4 d5 3. e5 c5 4. c3 Nc6 5. Nf3 Qb6 6. Qb3 Qc7 7. Be3 Nh6 8. Nbd2 Nf5 9. Be2 Nxe3 10. fxe3 b6 11. Qc2 Bb7 12. 0-0 Be7 13. Rac1 0-0 14. a3 f6 15. Bb5 fxe5 16. Bxc6 Bxc6 17. Nxe5 Bb5 18. Rxf8+ Rxf8 19. b4 Bd6 20. Ndf3 Be8 21. Ng5 Rf6 22. Qxh7+ Kf8 23. Qh8+ Ke7 24. Qxg7+ Kd8 25. Qxf6+ Be7 26. Nxe6+ Kc8 27. Nxc7 Bxf6 28. Nxe8 Bg5 29. Kf2 c4 30. g3 Kb7 31. h4 Be7 32. Nf7 Ka6 33. a4 Kb7 34. h5 Kc8 35. Nfd6+ Kd7 36. h6 1-0